00779cam a22002171 4500001001300000003000400013005001700017008004100034010001700075035002000092040001800112042001200130050003200142100002600174245019100200260004600391300002500437500003000462650005200492999001700544sa 66005844 DLC20260227112252.0890913s1965 io 000 0 ind  asa 66005844  a(OCoLC)23537077 aDLCcMiUdDLC apremarc00aLAW 0 aSoekarno,d1901-1970.10aDjaga djangan sampai revolusi Indonesia bisa didjegal orang!cAmanat pada Musjawarah-Kerdja Kedjaksaan seluruh Indonesia di markas besar Ganefo, Senajan, Djakarta, tanggal 15 Djuni 1965. a[Djakarta]bDepartemen Peneranganc[1965] a18 p.bport.c21 cm. a"Penerbitan chusus, 377." 0aCriminal justice, Administration ofzIndonesia. c70173d70173